000 00931nam0a22002531 4500
001 rc\2565861
005 20230413095842.0
035 _a(NLR Aleph) 006730683
090 _a5540660
_c5540660
100 _a20110914d1927 |||y0rusy50 ca
101 0 _arus
102 _aRU
105 _ay z |||||
200 1 _aРационализация у капиталистов и у нас
210 _aМосква
_aЛенинград
_cГос. изд-во
_d1927
_eМосква
_g6-я тип. Транспечати НКПС
215 _a105, II с.
_d17х12 см.
320 _aБиблиография: указания основных пособий, использованных автором в "Предисловии"
700 1 _aЭтчин
_bА. А.
_gАрсений Аркадьевич
801 0 _aRU
_bNLR
_gpsbo
801 1 _aRU
_bELAR
_2rusmarc
852 _aNLR
_j25/1222
942 _cBOOK
980 _aNB